00241nam a2200097Ia 4500008004100000082000800041100001800049245005500067942000600122999001500128240331s9999 xx 000 0 und d bRAG aRaghavan, M.D 0aTamil Culture in Ceylon :bA General Introduction  cL c5715d5715